Movie Character Cosplay Quiz Stats

Quiz Updated Jul 8, 2015

Challenge
Share
Tweet
Score 0/24 Timer 10:00
10 Plays Today
% Correct
Logan/Wolverine
95.4%
Willy Wonka
95.4%
Tinker Bell
94.7%
Buzz Lightyear
92.3%
Captain Jack Sparrow
92.1%
Ron Burgundy
82.4%
Lara Croft
80%
Fairy Godmother
78.1%
The Penguin
76.4%
Tintin
66.6%
Predator
65%
Beatrix Kiddo
59.5%
% Correct
Luna Lovegood
57.5%
Dark Helmet
41.9%
General Grievous
39.9%
Jack Frost
39.2%
Effie Trinket
36.1%
Scott Pilgrim
28%
Sally
26.6%
Hiccup
24.8%
Leeloo
24.1%
Chihiro Ogino
17.3%
Thranduil
14.4%
Marcus Wright
14%

You're not logged in!

Compare scores with friends on all Sporcle quizzes.
Sign Up with Email
OR
Log In

You Might Also Like...

Show Comments

Extras

Top Quizzes Today


Score Distribution

Your Account Isn't Verified!

In order to create a playlist on Sporcle, you need to verify the email address you used during registration. Go to your Sporcle Settings to finish the process.